| 000 | 00642cas a22002297a 4500 | ||
|---|---|---|---|
| 001 | 136804 | ||
| 003 | UA-OsUOA | ||
| 005 | 20211008144726.0 | ||
| 007 | ta | ||
| 008 | 201904c n ||un ||n| 00| 0 ukr dukr | ||
| 040 |
_aUA-OsUOA _bukr _cUA-OsUOA _dUA-OsUOA |
||
| 041 | _aukr | ||
| 080 | _a32 | ||
| 090 |
_bУ45 _a32 |
||
| 245 |
_aУкраїнська правда _cзаснована Георгієм Гонгадзе у 2000 році |
||
| 260 | _aК. | ||
| 650 | 7 |
_2UDC _z32 Політика |
|
| 856 | 4 | 0 | _uhttps://www.pravda.com.ua/ |
| 942 |
_cNP _2udc |
||
| 955 | _a0 | ||
| 999 |
_c410406 _d410406 |
||